| 000 | 01135cam a2200265 4500 | ||
|---|---|---|---|
| 008 | 040914n2005 000 0 eng u | ||
| 020 | _a0632050462 | ||
| 035 | _a(Sirsi) u127379 | ||
| 041 | _aeng | ||
| 050 |
_a692.5 _c18 |
||
| 100 | _aFlanagan, Roger | ||
| 245 | _aWhole life appraisal for construction | ||
| 260 |
_aOxford _bBlackwells _c2005 |
||
| 300 | _aix,182p. ; 25cm. | ||
| 350 | _a32.50 | ||
| 520 | _aWhole life appraisal entails a review not just of the capital costs of a project, but also the running and maintenance costs and is increasingly being required by clients seeking maximum value for money. This book provides an introduction to the subject, discusses issues such as investment appraisal and life expectancy of components, and shows by means of case studies how to carry out a whole life appraisal. Glossary, references and bibliography. | ||
| 650 | _aLIFE CYCLE COSTING | ||
| 650 | _aWHOLE LIFE APPRAISAL | ||
| 650 | _aWHOLE-LIFE COSTS | ||
| 650 | _aCONSTRUCTION INDUSTRY | ||
| 690 | _aBUILT ENVIRONMENT-BUILDING COSTS | ||
| 700 | _aJewell, Carol | ||
| 700 | _aNorman, George | ||
| 942 | _n0 | ||
| 999 |
_c103765 _d103765 |
||